000 00736cam a22002411 4500
001 9576
003 BD-RjUL
005 20211208234812.0
008 140121r19671966nyua b 000 0 eng d
035 _a(BD-RjUL)9621
040 _aDLC/ICU
_cICU
_dDLC
_d(BD-RjUL)
_beng
041 _aeng
082 0 0 _a541.394
_bAMS
100 1 _aAmis, Edward S.
_q(Edward Stephen),
_d1905-
_929665
245 1 0 _aSolvent effects on reaction rates and mechanisms /
_cby Edward S. Amis.
260 _aNew York :
_bAcademic Press,
_c1966. [Reprited1967]
300 _axii, 326 p. :
_billus. ;
_c24 cm.
504 _aIncludes bibliographies.
650 0 _aChemical kinetics.
_912838
650 0 _aSolvents.
_929666
942 _2ddc
_cBK
999 _c9576
_d9576